| 000 | 00310nam a2200109Ia 4500 | ||
|---|---|---|---|
| 005 | 20260328101507.0 | ||
| 008 | 260328s9999||||xx |||||||||||||| ||und|| | ||
| 100 | _aViollet-le-Duc, Eugène-Emmanuel | ||
| 245 | 0 |
_aEntretiens sur L' Architecture / _cEugène-Emmanuel Viollet-le-Duc |
|
| 650 | _aHISTORIA | ||
| 942 | _cBK | ||
| 999 |
_c9077 _d9077 |
||